000 00632nam a2200229Ia 4500
003 OSt
005 20220923225104.0
006 a|||||r|||| 00| 0
007 ta
008 220922b |||||||| |||| 00| 0 hin d
024 _a257,018
037 _cTextual
040 _aARTS
_cARTS
_bhin
041 _2hin
_ahin
082 _aNTvN7, 152N4
100 _aमाधुरी सुबोध
245 0 _aहमारी रंग अस्मिता
246 _aHamārī ranga asmitā
260 _c1994
942 _hNTvN7, 152N4
_cTEXL
_2CC
999 _c375973
_d375973